000 00422nam a22001697a 4500
005 20251108174905.0
008 250721s2005 xx 000 0 eng d
020 _a72824638
082 1 4 _a333.33/LIN
100 1 _aLing, David
245 1 0 _aReal Estate principles /
264 1 _alondon :
_bstephen m patterson,
_c2005.
300 _a705P.
650 1 7 _aReal Estate BUSINIESS
942 _2ddc
_cBK
999 _c120761
_d120761